| 000 | 00439pab a2200157 454500 | ||
|---|---|---|---|
| 008 | 180718b2002 xxu||||| |||| 00| 0 eng d | ||
| 100 | _aRoy Burman, B.K. | ||
| 245 | _aFunctional equivalents of human rights in different religio-cultural traditions relevant for India | ||
| 260 | _c2002 | ||
| 300 | _ap.27-32. | ||
| 362 | _a17 Aug | ||
| 650 | _aHuman rights - India | ||
| 650 | _aHuman rights | ||
| 773 | _aMainstream | ||
| 909 | _a53356 | ||
| 999 |
_c53356 _d53356 |
||